000 00711nam a2200193Ia 4500
003 GCL
008 140319s9999 xx 000 0 ara d
040 _aGCL /
_cGCL
082 0 4 _a910.03
_bع ج
100 1 _aعبدالله عطوى
245 1 0 _aالجغرافية البشرية: صراع الانسان مع البيئة من الانسان القرد الى الانسان العاقل /
_cعبدالله عطوى
300 _a563 ص
490 _aالهيئة العامة للاستعلامات
_v0
650 0 4 _aالجغرافيا
650 0 4 _aالجغرافيا الاقتصادية
650 0 4 _aالبيئة والانسان
650 0 4 _aالجغرافيا البشرية
942 _2ddc
_cBK
999 _c49462
_d49462